Sherlock Holmes and the real thing : a case ... Read More
Available copies
- 1 of 2 copies available at LARL/NWRL Consortium.
- 1 of 2 copies available at Lake Agassiz Regional Library. (Show preferred library)
Current holds
0 current holds with 2 total copies.
View other formats and editions
Show Only Available Copies
| Location | Call Number / Copy Notes | Barcode | Shelving Location | Status | Due Date |
|---|---|---|---|---|---|
| Detroit Lakes Public Library | LARGE PRINT W MEY (Text) | 33500014382618 | New | Checked out | 07/21/2026 |
| Moorhead Public Library | LARGE PRINT W MEY (Text) | 33500014382626 | New | Available | - |
Record details
- ISBN: 9781420533460
- ISBN: 1420533460
- Physical Description: 335 pages (large print) ; 23 cm
- Edition: Large print edition.
- Publisher: [Waterville, Maine] : Thorndike Press, a part of Gale, a Cengage Company, 2026.
- Copyright: ©2025
Content descriptions
| Summary, etc.: | "London, 189-: The great city is brought to a ... Read More |
Search for related items by subject
| Genre: | Historical fiction. Detective and mystery fiction. Large print books. |
Search for related items by series
| LDR | 03081cam a2200505 i 4500 | ||
|---|---|---|---|
| 001 | 488449 | ||
| 003 | LARL_NWRL_CONSORTIUM | ||
| 005 | 20260522203522.0 | ||
| 008 | 260316t20262025meu d 000 f eng d | ||
| 007 | tb | ||
| 040 | . | ‡aIL2 ‡beng ‡erda ‡cIL2 ‡dOCLCO ‡dIMT ‡dIUK ‡dOCLCQ | |
| 020 | . | ‡a9781420533460 ‡q(large print ; ‡qhardcover alk. paper) | |
| 020 | . | ‡a1420533460 ‡q(large print ; ‡qhardcover alk. paper) | |
| 035 | . | ‡a(OCoLC)1579642070 | |
| 043 | . | ‡ae-uk-en | |
| 082 | 0 | 4. | ‡a813/.54 ‡223 |
| 100 | 1 | . | ‡aMeyer, Nicholas, ‡d1945- ‡eauthor. ‡1https://id.oclc.org/worldcat/entity/E39PBJx8JRbWpdcDTRw4GFVt8C ‡0(LARL_NWRL_CONSORTIUM)49237 |
| 245 | 1 | 0. | ‡aSherlock Holmes and the real thing : ‡ba case history recorded by John H. Watson, M.D. / ‡cedited by Nicholas Meyer. |
| 250 | . | ‡aLarge print edition. | |
| 264 | 1. | ‡a[Waterville, Maine] : ‡bThorndike Press, a part of Gale, a Cengage Company, ‡c2026. | |
| 264 | 4. | ‡c©2025 | |
| 300 | . | ‡a335 pages (large print) ; ‡c23 cm | |
| 336 | . | ‡atext ‡btxt ‡2rdacontent | |
| 337 | . | ‡aunmediated ‡bn ‡2rdamedia | |
| 338 | . | ‡avolume ‡bnc ‡2rdacarrier | |
| 340 | . | ‡nlarge print (16 point) ‡2rdafs | |
| 341 | 0 | . | ‡atextual ‡blargePrint ‡2sapdv |
| 490 | 0 | . | ‡aFrom the memoirs of John H. Watson, M.D. |
| 520 | . | ‡a"London, 189-: The great city is brought to a standstill by a series of blizzards and Sherlock Holmes is bored to distraction. It would take a miracle to bring a case to the detective's door... What arrives is not promising: a landlady who complains her artist tenant is behind on rent. Not exactly the miracle for which Holmes was hoping. But, next thing you know, there are several corpses and Sherlock Holmes and his biographer, John H. Watson, MD, find themselves drawn into one of the most bizarre cases of the great detective's career. And into the cutthroat big business of Art, where chicanery and mendacity (and cut throats) proliferate. What makes a work of art worth killing for? Is it the artist, his mistress, his dealer, or his blackmailer? The cast of characters is large. But are they perpetrators, accomplices, or victims? And just who is Juliet Packwood, with whom Watson has become infatuated? Oh, and there's one other problem: Is this a genuine Holmes case or a clever forgery? Is this the real thing? If you can't tell the difference, what is the difference?"-- ‡cProvided by publisher. | |
| 600 | 1 | 0. | ‡aHolmes, Sherlock ‡vFiction. |
| 600 | 1 | 0. | ‡aWatson, John H. ‡c(Fictitious character) ‡vFiction. |
| 650 | 0. | ‡aPrivate investigators ‡zEngland ‡vFiction. ‡0(LARL_NWRL_CONSORTIUM)166789 | |
| 650 | 0. | ‡aMurder ‡xInvestigation ‡vFiction. ‡0(LARL_NWRL_CONSORTIUM)166203 | |
| 651 | 0. | ‡aLondon (England) ‡y19th century ‡vFiction. | |
| 655 | 7. | ‡aHistorical fiction. ‡2lcgft | |
| 655 | 7. | ‡aDetective and mystery fiction. ‡2lcgft | |
| 655 | 7. | ‡aLarge print books. ‡2lcgft | |
| 901 | . | ‡a488449 ‡bAUTOGEN ‡c488449 ‡tbiblio | |

Add to basket
Permalink
Disable Highlighting